000 00631nam a2200169 i 4500
001 20620
003 ES-MaACL
005 20250827022106.0
007 t|
008 021115s1972 sp ||||1| spa d
245 0 0 _aAcomodación de la Ley general tributaria a las haciendas locales
_b: XVII Seminario de Investigación.
260 _aMadrid :
_bInstituto de Estudios de Administración Local,
_c1972.
300 _a271 p. ;
_c24 cm.
710 2 _aInstituto de Estudios de Administración Local (España).
_pSeminario de Investigación
_d(1971.
_cSevilla)
_94894
852 _aES-MaACL
_jC-48766
_bR.84519
999 _c20620
_d20620